K dejinám výchovy rádiologických laborantov na Slovensku

Bibliographic Details
Main Authors: Kutarňa, Andrej, 1924- (Author), Mihálová, A. (Author), Németh, J. (Author)
Format: Article
Language:Slovak
PhysicalDescription:Res. rus., angl., nem.
Subjects:

MARC

LEADER 00000nab a2200000 a 4500
001 vtls000092375
003 SK-MaSNL
005 20260304061447.0
008 250422c1981 xo 0 slo
015 |a SNBRB19rr/mm-uuuuu 
035 |a CL0102478 
035 |a urn:nbn:sk:snk-ab6kt0 
035 |a (uuid)58f3e5a0-880c-468c-8fc3-cc56c5337337 
035 |a (urnnbn)urn:nbn:sk:snk:ar-005fn9 
035 |a (sysno)vtls000092375 
040 |a SNKBUCL  |b slo  |c SNKBUCL  |e AACR2 
041 0 |a slo 
044 |a xo  |c SK 
080 |a 614.2  |2 1981 
100 1 |a Kutarňa, Andrej,  |d 1924-  |4 aut  |9 203782 
245 1 0 |a K dejinám výchovy rádiologických laborantov na Slovensku  |c A. Kutarňa, A. Mihálová, J. Németh 
300 |b Res. rus., angl., nem. 
650 0 7 |a rádiologickí technici  |2 snkbucl  |9 231709 
655 7 |a články z novín a časopisov  |2 snkbucl  |9 267496 
700 1 |a Mihálová, A.  |4 aut  |9 1345897 
700 1 |a Németh, J.  |4 aut  |9 712248 
773 0 |t Lekársky obzor  |g Roč. 30, č. 8 (1981), s. 487-493 
850 |a Slovenská národná knižnica 
852 |a Slovenská národná knižnica 
954 |a odborná, vedecká literatúra pôvodná (slovenská)  |2 lita 
958 |a article2022 
958 |a OND 
958 |a RK 
958 |a MI 
958 |a EUIPO 
992 |a RBX 
999 |c 2733113  |d 2735043